Ariana Grande One Word Songs - Statistics

General Stats
  • This quiz has been taken 68 times
  • The average score is 23 of 39
Answer Stats
Album Answer % Correct
positions positions
90%
Sweetener sweetener
83%
N/A Time (with Childish Gambino)
81%
thank u, next ghostin
78%
Sweetener breathin
76%
thank u, next nasa
76%
thank u, next needy
76%
Dangerous Woman Everyday (feat. Future)
75%
Wicked Soundtrack Popular
73%
positions pov
73%
thank u, next bloodline
71%
Sweetener borderline (feat. Missy Elliott)
69%
Dangerous Woman Greedy
69%
thank u, next imagine
69%
Sweetener r.e.m.
69%
Sweetener blazed (feat. Pharrell Williams)
68%
eternal sunshine bye
68%
Sweetener everytime
68%
My Everything Intro
66%
Yours Truly Piano
66%
My Everything Problem (feat. Iggy Azalea)
64%
Dangerous Woman Moonlight
63%
Sweetener successful
63%
positions motive (feat. Doja Cat)
61%
positions nasty
59%
eternal sunshine supernatural
58%
Yours Truly Daydreamin
54%
Dangerous Woman Focus
54%
positions obvious
54%
Christmas and Chill December
49%
Dangerous Woman Sometimes
49%
N/A Boyfriend (feat. Social House)
44%
N/A Quit (with Cashmere Cat)
41%
N/A MONOPOLY (feat. Victoria Monet)
31%
N/A Adore (with Cashmere Cat)
29%
N/A Bed (with Nicki Minaj)
22%
N/A Faith (with Stevie Wonder)
14%
N/A Research (with Big Sean)
7%
N/A fantasize
3%
No matching quizzes found
Score Distribution
Percent of People with Each Score
Percentile by Number Answered
Your Score History
You have not taken this quiz